| 000 | 00951nam a2200289Ia 4500 | ||
|---|---|---|---|
| 003 | OSt | ||
| 005 | 20240518120120.0 | ||
| 008 | 210210b2016 xxu||||| |||| 00| 0 eng d | ||
| 020 | _a9789381876985 | ||
| 040 | _cAL | ||
| 041 | _aKannada | ||
| 082 | _a631.7K KUMA | ||
| 100 |
_aKUMARASWAMY (E S) _dಕುಮಾರಸ್ವಾಮಿ (ಇ ಎಸ್) _9166095 |
||
| 245 |
_aAntarjala balake: hani haniyallu kattabekide rythana baduku _bಅಂತರ್ಜಾಲ ಬಳಕೆ: ಹನಿ ಹನಿಯಲ್ಲೂ ಕಟ್ಟಬೇಕಿದೆ ರೈತನ ಬದುಕು |
||
| 260 |
_aShivamogga _bGitanjali Prakashana _c2016 |
||
| 300 | _axi,344+2 | ||
| 650 |
_arythana _9166096 |
||
| 650 |
_akattabekide _9166097 |
||
| 650 |
_ahaniyallu _9166098 |
||
| 650 |
_ahani _9166099 |
||
| 650 |
_abalake: _9166100 |
||
| 650 |
_abaduku _9166101 |
||
| 650 |
_aAntarjala _9166102 |
||
| 690 |
_aAgriculture _9166103 |
||
| 906 | _a071429 | ||
| 942 |
_2ddc _cBK |
||
| 999 |
_c120822 _d120822 |
||